[Event "SRB-chT 2nd League"]
[Site "Vrnjacka Banja"]
[Date "2022.11.11"]
[Round "11.5"]
[White "Klasan, Vladimir"]
[Black "Bojkovic, Slobodan"]
[Result "0-1"]
[WhiteElo "2269"]
[BlackElo "2127"]
[PlyCount "126"]
[EventDate "2022.11.04"]
[EventType "team-tourn"]
[EventRounds "11"]
[EventCountry "SRB"]
[SourceTitle "CBM 211 Extra"]
[Source "ChessBase"]
[SourceDate "2023.01.31"]
[SourceVersion "1"]
[SourceVersionDate "2023.01.31"]
[SourceQuality "1"]
[WhiteTeam "Dec"]
[BlackTeam "Krajisnik Krajina"]
[WhiteTeamCountry "SRB"]
[BlackTeamCountry "SRB"]

1. e4 c5 2. Ne2 a6 3. g3 e6 4. Bg2 h5 5. h3 Nc6 6. c3 Nf6 7. 0-0 d5 8. exd5 Nxd5 9. d4 cxd4 10. cxd4 Bd7 11. Nbc3 Nce7 12. Nf4 Bc6 13. Ncxd5 Nxd5 14. Nxh5 Qd7 15. h4 Rd8 16. Nf4 Be7 17. Qg4 Kf8 18. Nxd5 Bxd5 19. Be3 Bf6 20. Rfc1 Bxg2 21. Kxg2 Qd5+ 22. Qf3 Rh5 23. Rc7 Qxf3+ 24. Kxf3 Rb5 25. b3 e5 26. Rac1 exd4 27. Bf4 g6 28. Rc8 Rxc8 29. Rxc8+ Ke7 30. Rc7+ Ke6 31. Ke4 Bd8 32. Rc8 Rd5 33. Kd3 Rd7 34. Rc4 Bf6 35. Bc1 Kf5 36. f3 Ke6 37. Ba3 Rd5 38. Rc5 Rd7 39. Bc1 Be7 40. Rc4 Bf6 41. Bd2 Kd5 42. Be1 Ke6 43. Bf2 Rd6 44. g4 b5 45. Rc7 Bd8 46. Rc8 Kd7 47. Rc2 Rf6 48. Ke4 Bb6 49. f4 Re6+ 50. Kf3 f5 51. gxf5 gxf5 52. Rd2 Rd6 53. Rd3 Ke6 54. Be1 Kd5 55. Bf2 Rc6 56. Rd2 Rc1 57. Re2 Rc3+ 58. Kg2 Bc7 59. Re7 Bd6 60. Rd7 Rc2 61. Kf3 d3 62. Be3 Rh2 63. Rf7 d2 0-1

[Event "SRB-chT 2nd League"]
[Site "Vrnjacka Banja"]
[Date "2022.11.08"]
[Round "7.3"]
[White "Klasan, Vladimir"]
[Black "Djurnic, Strahinja"]
[Result "1-0"]
[WhiteElo "2269"]
[BlackElo "2106"]
[PlyCount "63"]
[EventDate "2022.11.04"]
[EventType "team-tourn"]
[EventRounds "11"]
[EventCountry "SRB"]
[SourceTitle "CBM 211 Extra"]
[Source "ChessBase"]
[SourceDate "2023.01.31"]
[SourceVersion "1"]
[SourceVersionDate "2023.01.31"]
[SourceQuality "1"]
[WhiteTeam "Dec"]
[BlackTeam "Gajdobra Hercegovac"]
[WhiteTeamCountry "SRB"]
[BlackTeamCountry "SRB"]

1. e4 c5 2. Nf3 Nc6 3. Nc3 g6 4. d4 cxd4 5. Nxd4 Bg7 6. Nde2 Nf6 7. g3 d6 8. Bg2 0-0 9. 0-0 Rb8 10. a4 a6 11. h3 b5 12. axb5 axb5 13. Be3 b4 14. Nd5 e6 15. Nxf6+ Bxf6 16. Nd4 Nxd4 17. Bxd4 e5 18. Be3 Qc7 19. b3 Rd8 20. Qd2 Be7 21. Ra7 Rb7 22. Rxb7 Qxb7 23. Ra1 Bd7 24. Ra7 Qb8 25. Bf1 Bf8 26. Bc4 Be6 27. Bd5 Qc8 28. Bb6 Bxd5 29. Qxd5 Rd7 30. Ra8 Qxc2 31. Be3 Kg7 32. Qb5 1-0

[Event "Belgrade Serbia op"]
[Site "Belgrade"]
[Date "2021.07.04"]
[Round "4"]
[White "Aditya, Mittal"]
[Black "Klasan, Vladimir"]
[Result "1-0"]
[WhiteElo "2438"]
[BlackElo "2297"]
[PlyCount "69"]
[EventDate "2021.07.02"]
[EventType "swiss"]
[EventRounds "9"]
[EventCountry "SRB"]
[SourceTitle "CBM 203 Extra"]
[Source "ChessBase"]
[SourceDate "2021.09.30"]
[SourceVersion "1"]
[SourceVersionDate "2021.09.30"]
[SourceQuality "1"]

1. d4 Nf6 2. c4 g6 3. Nc3 d5 4. cxd5 Nxd5 5. Bd2 Bg7 6. e4 Nb6 7. Be3 0-0 8. Bb5 Be6 9. h4 c6 10. Be2 Nc4 11. Bxc4 Bxc4 12. Nf3 Nd7 13. h5 e5 14. Qd2 exd4 15. Bxd4 Nf6 16. 0-0-0 c5 17. h6 Bh8 18. Bxc5 Qxd2+ 19. Kxd2 Rfd8+ 20. Ke3 Rdc8 21. Bd4 Ng4+ 22. Kf4 Bxd4 23. Rxd4 Nxf2 24. Rb1 Nd3+ 25. Kg3 Nb4 26. a3 Nc2 27. Rd2 Ne3 28. Kf4 Nf1 29. Rdd1 g5+ 30. Nxg5 Rc6 31. Nd5 Bxd5 32. Rxd5 Rf6+ 33. Rf5 Rxf5+ 34. exf5 Nd2 35. Rd1 1-0

[Event "Veliko Gradiste Silver Lake op-A"]
[Site "Veliko Gradiste"]
[Date "2021.06.29"]
[Round "8"]
[White "Klasan, Vladimir"]
[Black "Konyves, Almos"]
[Result "0-1"]
[WhiteElo "2298"]
[BlackElo "2102"]
[PlyCount "100"]
[EventDate "2021.06.23"]
[EventType "swiss"]
[EventRounds "9"]
[EventCountry "SRB"]
[SourceTitle "EXT 2022"]
[Source "ChessBase"]
[SourceDate "2021.10.06"]
[SourceVersion "1"]
[SourceVersionDate "2021.10.06"]
[SourceQuality "1"]

1. e4 c5 2. Nf3 Nc6 3. d4 cxd4 4. Nxd4 Nf6 5. Nc3 d6 6. Nd5 e6 7. Nxf6+ Qxf6 8. Nb5 Qd8 9. c4 a6 10. Nc3 Be7 11. Be3 0-0 12. Be2 Ne5 13. 0-0 Qc7 14. Rc1 b6 15. f4 Nd7 16. Bd3 Bb7 17. Rf3 g6 18. Bd4 Bf6 19. Bxf6 Nxf6 20. Kh1 Rac8 21. Rc2 Qb8 22. Re2 b5 23. cxb5 axb5 24. a3 Rc5 25. Qg1 Rfc8 26. Rf1 Rh5 27. Rf3 d5 28. e5 Ne4 29. Nxe4 dxe4 30. Bxe4 Bxe4 31. Rxe4 Rc2 32. Rf2 Qc7 33. h3 Rc1 34. Re1 Rc4 35. Rf3 Rh4 36. Qf2 Rh5 37. Rd1 Kg7 38. Re1 Qc6 39. Kh2 Rc2 40. Re2 Rc1 41. g4 Rh6 42. Qg2 Rh4 43. Rd3 Qc4 44. Rf3 h5 45. Kg3 hxg4 46. Kxh4 gxf3 47. Qxf3 Rg1 48. Qe3 Kh6 49. Qe4 Qc1 50. Rg2 Rxg2 0-1

[Event "Niksic IM 02"]
[Site "Niksic"]
[Date "2021.03.04"]
[Round "9"]
[White "Pecurica, Milos"]
[Black "Klasan, Vladimir"]
[Result "1/2-1/2"]
[WhiteElo "2320"]
[BlackElo "2304"]
[PlyCount "20"]
[EventDate "2021.02.26"]
[EventType "tourn"]
[EventRounds "9"]
[EventCountry "MNE"]
[EventCategory "1"]
[SourceTitle "CBM 201 Extra"]
[Source "ChessBase"]
[SourceDate "2021.05.31"]
[SourceVersion "1"]
[SourceVersionDate "2021.05.31"]
[SourceQuality "1"]

1. e4 e5 2. Nf3 Nf6 3. Nc3 Nc6 4. d4 exd4 5. Nxd4 Bb4 6. Nxc6 bxc6 7. Bd3 d5 8. exd5 cxd5 9. 0-0 0-0 10. Qf3 c6 1/2-1/2

[Event "SRB-chT Premier"]
[Site "Ruma"]
[Date "2020.09.29"]
[Round "7.4"]
[White "Klasan, Vladimir"]
[Black "Indjic, Aleksandar"]
[Result "0-1"]
[WhiteElo "2316"]
[BlackElo "2618"]
[PlyCount "62"]
[EventDate "2020.09.25"]
[EventType "team-tourn"]
[EventRounds "11"]
[EventCountry "SRB"]
[SourceTitle "CBM 198 Extra"]
[Source "ChessBase"]
[SourceDate "2020.11.30"]
[SourceVersion "1"]
[SourceVersionDate "2020.11.30"]
[SourceQuality "1"]
[WhiteTeam "Nova Pazova Mladost"]
[BlackTeam "Belgrade Itaka"]
[WhiteTeamCountry "SRB"]
[BlackTeamCountry "SRB"]

1. e4 g6 2. d4 Bg7 3. Nc3 d6 4. Be3 a6 5. a4 Nf6 6. h3 0-0 7. g4 Nc6 8. Bg2 e5 9. Nge2 Bd7 10. 0-0 h5 11. dxe5 dxe5 12. g5 Nh7 13. Qd2 h4 14. Rad1 Be6 15. Nd5 Qc8 16. Kh2 Re8 17. Qc3 Bxd5 18. Rxd5 Bf8 19. Bf3 Bd6 20. Qd2 Qd8 21. c3 Qe7 22. Rg1 Nd8 23. Bg4 Nf8 24. f3 Nde6 25. Bxe6 Nxe6 26. Rg4 Rad8 27. Qe1 c6 28. Rd1 Bc5 29. Bc1 Rxd1 30. Qxd1 Rd8 31. Qc2 a5 0-1

[Event "Bosnjaci op 25th"]
[Site "Bosnjaci"]
[Date "2020.01.07"]
[Round "7"]
[White "Vidovic, Sasa"]
[Black "Klasan, Vladimir"]
[Result "1-0"]
[WhiteElo "2187"]
[BlackElo "2342"]
[PlyCount "69"]
[EventDate "2020.01.03"]
[EventType "swiss"]
[EventRounds "9"]
[EventCountry "CRO"]
[SourceTitle "CBM 194 Extra"]
[Source "ChessBase"]
[SourceDate "2020.03.31"]
[SourceVersion "1"]
[SourceVersionDate "2020.03.31"]
[SourceQuality "1"]

1. b3 e5 2. Bb2 Nc6 3. e3 Nf6 4. Nf3 e4 5. Nd4 Nxd4 6. Bxd4 Be7 7. c4 0-0 8. Nc3 c5 9. Bxf6 Bxf6 10. Rc1 Bxc3 11. dxc3 d6 12. g3 Re8 13. Bg2 Qf6 14. Qc2 Bg4 15. 0-0 Bf3 16. Bxf3 exf3 17. Qd3 Re5 18. Rfd1 Rd8 19. Rd2 Qh6 20. Rcd1 g5 21. Qf1 f5 22. Rd5 Rxd5 23. Rxd5 f4 24. Qd3 fxg3 25. hxg3 Qh3 26. Rxg5+ Kh8 27. Qf1 Qe6 28. Rh5 Qg6 29. Qh3 Qb1+ 30. Kh2 Qc2 31. Kg1 Rg8 32. Qh4 Rf8 33. Qe7 Rg8 34. Qf6+ Rg7 35. Rg5 1-0

[Event "Bosnjaci op 25th"]
[Site "Bosnjaci"]
[Date "2020.01.03"]
[Round "1"]
[White "Fures, Ivica"]
[Black "Klasan, Vladimir"]
[Result "1/2-1/2"]
[WhiteElo "1852"]
[BlackElo "2342"]
[PlyCount "153"]
[EventDate "2020.01.03"]
[EventType "swiss"]
[EventRounds "9"]
[EventCountry "CRO"]
[SourceTitle "CBM 194 Extra"]
[Source "ChessBase"]
[SourceDate "2020.03.31"]
[SourceVersion "1"]
[SourceVersionDate "2020.03.31"]
[SourceQuality "1"]

1. e4 c5 2. Nf3 d6 3. d4 cxd4 4. Nxd4 Nf6 5. Nc3 Nc6 6. Be2 e5 7. Nb3 Be7 8. 0-0 0-0 9. Be3 a5 10. a4 Nb4 11. f3 Be6 12. Bg5 Nxc2 13. Qxc2 Qb6+ 14. Kh1 Bxb3 15. Qd2 Qb4 16. Bb5 Rfd8 17. Bxf6 Bxf6 18. Qe3 Rac8 19. Rfe1 h6 20. g3 Rc5 21. h4 Be6 22. Re2 Be7 23. Rd1 Rf8 24. Rd5 Bxd5 25. Nxd5 Rxd5 26. exd5 f5 27. Qc3 Qxc3 28. bxc3 f4 29. Kg2 h5 30. Re4 fxg3 31. Kxg3 Bd8 32. Rc4 Kh7 33. Re4 Kh6 34. Bd3 Bb6 35. Be2 Rf6 36. Bd3 g5 37. Be2 Rf8 38. Rc4 Bc5 39. Re4 Rg8 40. Kh3 Bf2 41. hxg5+ Kxg5 42. Rc4 Bc5 43. Rh4 Rf8 44. f4+ exf4 45. Rxh5+ Kg6 46. Kg4 Be3 47. Bd3+ Kf6 48. Rf5+ Ke7 49. Rxf8 Kxf8 50. Bb5 Kf7 51. Bd7 Ke7 52. Bb5 Kf6 53. c4 Ke5 54. Kf3 Kd4 55. Ke2 Ke4 56. Bd7 f3+ 57. Kf1 Kd3 58. Bc8 b5 59. cxb5 Bb6 60. Bg4 Ke4 61. Be6 Kd4 62. Bg4 Kxd5 63. Bxf3+ Kc4 64. Ke1 Kc3 65. Bd1 d5 66. Be2 d4 67. Kd1 Kb3 68. Kc1 Kxa4 69. Kb2 Kb4 70. Bd3 Kc5 71. Kb3 Kd5 72. Bc2 Ke5 73. Kc4 Kf4 74. Kd3 Ke5 75. Kc4 Kd6 76. Ba4 Bc5 77. Bc2 1/2-1/2

[Event "SRB-chT"]
[Site "Subotica"]
[Date "2019.08.31"]
[Round "10.2"]
[White "Damjanovic, Vuk"]
[Black "Klasan, Vladimir"]
[Result "1-0"]
[WhiteElo "2246"]
[BlackElo "2357"]
[PlyCount "79"]
[EventDate "2019.08.22"]
[EventType "team-tourn"]
[EventRounds "11"]
[EventCountry "SRB"]
[SourceTitle "EXT 2020"]
[Source "ChessBase"]
[SourceDate "2019.10.17"]
[SourceVersion "1"]
[SourceVersionDate "2019.10.17"]
[SourceQuality "1"]
[WhiteTeam "Belgrade Itaka"]
[BlackTeam "Rudovci Radnicki"]
[WhiteTeamCountry "SRB"]
[BlackTeamCountry "SRB"]

1. d4 Nf6 2. Nf3 c5 3. d5 e6 4. Nc3 exd5 5. Nxd5 h6 6. e4 Nxd5 7. Qxd5 Nc6 8. Bc4 Qe7 9. 0-0 d6 10. Bf4 Be6 11. Qd3 Bxc4 12. Qxc4 Qe6 13. Qd3 Be7 14. c3 0-0 15. Rfe1 Rfe8 16. Qd5 Qxd5 17. exd5 Na5 18. Re4 Bf8 19. Rae1 Rxe4 20. Rxe4 b6 21. h4 g6 22. g4 Kg7 23. h5 Nb7 24. Nh4 gxh5 25. gxh5 Rc8 26. c4 Kh7 27. Nf5 Rd8 28. Kg2 Na5 29. Kf3 Nb7 30. Bd2 Rb8 31. Bc3 Rd8 32. Bf6 Rc8 33. Be7 Bg7 34. Nxd6 Nxd6 35. Bxd6 Rd8 36. Be5 f6 37. Bc3 Rd7 38. Re6 Kg8 39. Kf4 Kf7 40. Ke4 1-0

[Event "SRB-chT"]
[Site "Subotica"]
[Date "2019.08.29"]
[Round "8.1"]
[White "Leskur, Dejan"]
[Black "Klasan, Vladimir"]
[Result "1/2-1/2"]
[WhiteElo "2303"]
[BlackElo "2357"]
[PlyCount "32"]
[EventDate "2019.08.22"]
[EventType "team-tourn"]
[EventRounds "11"]
[EventCountry "SRB"]
[SourceTitle "EXT 2020"]
[Source "ChessBase"]
[SourceDate "2019.10.17"]
[SourceVersion "1"]
[SourceVersionDate "2019.10.17"]
[SourceQuality "1"]
[WhiteTeam "Novi Sad CC"]
[BlackTeam "Rudovci Radnicki"]
[WhiteTeamCountry "SRB"]
[BlackTeamCountry "SRB"]

1. d4 Nf6 2. Nf3 d5 3. Bf4 c5 4. e3 Nc6 5. c3 Nh5 6. Bg5 h6 7. Bh4 g5 8. Bg3 Nxg3 9. hxg3 g4 10. Ng1 e5 11. dxe5 Qb6 12. Qb3 Nxe5 13. Qxb6 axb6 14. Nd2 Bg7 15. f4 gxf3 16. gxf3 0-0 1/2-1/2

[Event "Sarajevo Bosna op 49th"]
[Site "Sarajevo"]
[Date "2019.04.30"]
[Round "6"]
[White "Hadzovic, Amir"]
[Black "Klasan, Vladimir"]
[Result "0-1"]
[WhiteElo "2258"]
[BlackElo "2366"]
[PlyCount "82"]
[EventDate "2019.04.27"]
[EventType "swiss"]
[EventRounds "9"]
[EventCountry "BIH"]
[SourceTitle "CBM 190 Extra"]
[Source "ChessBase"]
[SourceDate "2019.07.15"]
[SourceVersion "1"]
[SourceVersionDate "2019.07.15"]
[SourceQuality "1"]

1. d4 c5 2. d5 Nf6 3. c4 e6 4. Nc3 exd5 5. cxd5 d6 6. e4 g6 7. Nf3 a6 8. a4 Bg4 9. h3 Bxf3 10. Qxf3 Bg7 11. Bd3 0-0 12. 0-0 Nbd7 13. Bc2 Ne8 14. Qe2 Nc7 15. Kh1 Re8 16. Be3 Rb8 17. a5 b5 18. axb6 Rxb6 19. Bd3 Qe7 20. Na4 Rbb8 21. Qd2 Rb4 22. Bg5 Qf8 23. f4 Nb5 24. Nc3 c4 25. Bb1 Rxb2 26. Qxb2 Bxc3 27. Qa2 Nc5 28. Bc2 Bxa1 29. Rxa1 Nc3 30. Qxc4 N3xe4 31. Bxe4 Rxe4 32. Qc3 h6 33. Bf6 Rxf4 34. Qb2 Nd3 35. Qc3 Nc5 36. Qb2 Kh7 37. Re1 Qc8 38. Qa1 Qf5 39. Bh8 f6 40. Re7+ Kxh8 41. Qc1 g5 0-1

[Event "Sarajevo Bosna op 49th"]
[Site "Sarajevo"]
[Date "2019.04.30"]
[Round "5"]
[White "Klasan, Vladimir"]
[Black "Rasidovic, Sead"]
[Result "1-0"]
[WhiteElo "2366"]
[BlackElo "2225"]
[PlyCount "91"]
[EventDate "2019.04.27"]
[EventType "swiss"]
[EventRounds "9"]
[EventCountry "BIH"]
[SourceTitle "CBM 190 Extra"]
[Source "ChessBase"]
[SourceDate "2019.07.15"]
[SourceVersion "1"]
[SourceVersionDate "2019.07.15"]
[SourceQuality "1"]

1. e4 e6 2. d4 d5 3. Bd3 c5 4. exd5 exd5 5. Qe2+ Be7 6. dxc5 Nf6 7. Nf3 0-0 8. 0-0 Bxc5 9. Bg5 Bg4 10. Nc3 Nc6 11. Qd1 Kh8 12. h3 Be6 13. Qd2 Be7 14. Rfe1 a6 15. Rad1 Qc7 16. Bxf6 Bxf6 17. Ng5 Rfe8 18. Nxh7 Bxc3 19. bxc3 Rac8 20. Nf6 Qd8 21. Nxe8 Qxe8 22. Qg5 Kg8 23. c4 d4 24. f4 Qf8 25. Qh5 g6 26. Bxg6 Qg7 27. Bf5 Nd8 28. Re5 Kf8 29. Bd3 Nc6 30. Rg5 Qf6 31. Qh4 Ke7 32. Re1 Rh8 33. Qg3 Kd8 34. Rg8+ Rxg8 35. Qxg8+ Kc7 36. Qg5 Qh8 37. f5 Bd7 38. f6 Qf8 39. h4 Qb4 40. Re2 Nd8 41. Qf4+ Kc8 42. Bf5 Qxc4 43. Bxd7+ Kxd7 44. Re7+ Kc8 45. Qd6 Qxc2 46. Qd7+ 1-0

[Event "Sarajevo Bosna op 49th"]
[Site "Sarajevo"]
[Date "2019.04.29"]
[Round "4"]
[White "Medic, Nevenko"]
[Black "Klasan, Vladimir"]
[Result "0-1"]
[WhiteElo "1983"]
[BlackElo "2366"]
[PlyCount "138"]
[EventDate "2019.04.27"]
[EventType "swiss"]
[EventRounds "9"]
[EventCountry "BIH"]
[SourceTitle "CBM 190 Extra"]
[Source "ChessBase"]
[SourceDate "2019.07.15"]
[SourceVersion "1"]
[SourceVersionDate "2019.07.15"]
[SourceQuality "1"]

1. d4 Nf6 2. c4 c5 3. Nf3 cxd4 4. Nxd4 Nc6 5. g3 g6 6. Bg2 Bg7 7. 0-0 0-0 8. Nc3 Nxd4 9. Qxd4 d6 10. Rd1 a6 11. Qh4 Qc7 12. b3 Be6 13. Bh6 Rab8 14. Bxg7 Kxg7 15. Rac1 Rfc8 16. Qd4 Kg8 17. a4 Nd7 18. Bd5 Qc5 19. Bxe6 fxe6 20. Qd2 Nf6 21. Qd3 Rf8 22. Qd4 Qxd4 23. Rxd4 Rfc8 24. Rcd1 Nd7 25. Ne4 h6 26. f4 Rc6 27. Kf2 Kf7 28. e3 e5 29. Rd5 b6 30. fxe5 Nxe5 31. Ke2 Ke6 32. Rf1 Nd7 33. h4 Nc5 34. Nxc5+ bxc5 35. Rd3 Rcb6 36. h5 g5 37. Rf3 Rxb3 38. Rxb3 Rxb3 39. Rf8 Rb2+ 40. Kf3 d5 41. Ra8 dxc4 42. Ke4 Rb6 43. a5 Rc6 44. Rb8 Kd7 45. Rb7+ Kd6 46. Rb2 c3 47. Rc2 e5 48. Rxc3 c4 49. Kf5 Kd5 50. g4 Kc5 51. Kxe5 Kb4 52. Rc1 c3 53. Kd5 Rc8 54. e4 Kxa5 55. e5 Kb4 56. Kd6 c2 57. Kd7 Rc3 58. e6 Kb3 59. e7 Rd3+ 60. Ke6 Re3+ 61. Kf7 Kb2 62. e8Q Rxe8 63. Rxc2+ Kxc2 64. Kxe8 a5 65. Kf7 a4 66. Kg6 a3 67. Kxh6 a2 68. Kxg5 a1Q 69. h6 Kd3 0-1

[Event "Bosnjaci op 24th"]
[Site "Bosnjaci"]
[Date "2019.01.03"]
[Round "1"]
[White "Klasan, Vladimir"]
[Black "Dejanovic, Dragan"]
[Result "1-0"]
[WhiteElo "2364"]
[BlackElo "1716"]
[PlyCount "52"]
[EventDate "2019.01.03"]
[EventType "swiss"]
[EventRounds "9"]
[EventCountry "CRO"]
[SourceTitle "CBM 188 Extra"]
[Source "ChessBase"]
[SourceDate "2019.02.26"]
[SourceVersion "1"]
[SourceVersionDate "2019.02.26"]
[SourceQuality "1"]

1. e4 c6 2. d4 d5 3. Nc3 dxe4 4. Nxe4 Bf5 5. Ng3 Bg6 6. h4 h6 7. Nf3 e6 8. Ne5 Bh7 9. Bd3 Bxd3 10. Qxd3 Nf6 11. Bd2 Bd6 12. f4 0-0 13. 0-0-0 Nbd7 14. Ne4 Nxe4 15. Qxe4 Nf6 16. Qf3 h5 17. g4 Nxg4 18. Nxg4 hxg4 19. Qxg4 Qf6 20. Rhg1 Qxd4 21. Kb1 f5 22. Qg2 Rf7 23. Bc3 Qxf4 24. Rxd6 Qxd6 25. Bxg7 Qd1+ 26. Rxd1 Rxg7 1-0

[Event "Paracin IM 2nd"]
[Site "Paracin"]
[Date "2018.12.09"]
[Round "9"]
[White "Klasan, Vladimir"]
[Black "Besedes, Danilo"]
[Result "1/2-1/2"]
[WhiteElo "2364"]
[BlackElo "2300"]
[PlyCount "67"]
[EventDate "2018.12.03"]
[EventType "tourn"]
[EventRounds "9"]
[EventCountry "SRB"]
[SourceTitle "CBM 187 Extra"]
[Source "ChessBase"]
[SourceDate "2018.11.04"]
[SourceVersion "1"]
[SourceVersionDate "2018.11.04"]
[SourceQuality "1"]

1. e4 e6 2. d4 d5 3. Nc3 Nf6 4. e5 Nfd7 5. f4 c5 6. Nf3 Nc6 7. Be3 a6 8. Qd2 Qb6 9. Na4 Qb4 10. Nxc5 Qxb2 11. Qc1 Qxc1+ 12. Rxc1 Nxc5 13. dxc5 Nb4 14. c3 Nc6 15. Kf2 Bd7 16. c4 d4 17. Nxd4 Bxc5 18. Nxc6 Bxe3+ 19. Kxe3 Bxc6 20. Be2 0-0-0 21. Rhd1 Kc7 22. g3 Ba4 23. Rd4 Rxd4 24. Kxd4 Rd8+ 25. Kc3 h6 26. h4 a5 27. Rb1 b6 28. Bf3 Rd7 29. Rb2 Bc6 30. Bh5 g6 31. Be2 Rd8 32. Rd2 Rg8 33. Rd4 h5 34. Rd2 1/2-1/2

[Event "Paracin IM 2nd"]
[Site "Paracin"]
[Date "2018.12.04"]
[Round "2"]
[White "Klasan, Vladimir"]
[Black "Konstantinov, Aleksandar1111"]
[Result "1/2-1/2"]
[WhiteElo "2364"]
[BlackElo "2080"]
[PlyCount "105"]
[EventDate "2018.12.03"]
[EventType "tourn"]
[EventRounds "9"]
[EventCountry "SRB"]
[SourceTitle "CBM 187 Extra"]
[Source "ChessBase"]
[SourceDate "2018.11.04"]
[SourceVersion "1"]
[SourceVersionDate "2018.11.04"]
[SourceQuality "1"]

1. f4 d5 2. Nf3 c5 3. g3 Nc6 4. Bg2 g6 5. 0-0 Bg7 6. d3 Nf6 7. Nc3 0-0 8. e4 dxe4 9. dxe4 e5 10. Qxd8 Rxd8 11. Nxe5 Nxe5 12. fxe5 Ng4 13. Bg5 Re8 14. Nd5 Bxe5 15. h3 h6 16. Bd2 Bd4+ 17. Kh1 Nf2+ 18. Rxf2 Bxf2 19. Nf6+ Kf8 20. Bxh6+ Ke7 21. Nd5+ Kd6 22. Bf4+ Kc6 23. Nc7 Be6 24. Nxa8 Rxa8 25. Rd1 g5 26. Rd6+ Kb5 27. Bf1+ c4 28. Be5 Bc5 29. Rd1 Kc6 30. Bf6 Rg8 31. Kg2 Rg6 32. Bd4 Rh6 33. g4 Bd6 34. Be3 Rg6 35. b3 b5 36. bxc4 bxc4 37. Bxa7 Rg8 38. Bd4 Ra8 39. Ra1 Ra3 40. c3 Bc5 41. Be2 Bb6 42. Bxb6 Kxb6 43. Rc1 Rxa2 44. Kf2 Kc5 45. Ke3 Kd6 46. Bf3 Rh2 47. Be2 Kc5 48. Bf1 Ra2 49. Kf3 Kd6 50. Kg3 Ke5 51. Re1 Rc2 52. Re3 Rc1 53. Be2 1/2-1/2

[Event "Belgrade-chT Quality"]
[Site "Belgrade"]
[Date "2018.09.28"]
[Round "11.2"]
[White "Klasan, Vladimir"]
[Black "Tadic, Stefan"]
[Result "1/2-1/2"]
[WhiteElo "2368"]
[BlackElo "2206"]
[PlyCount "33"]
[EventDate "2018.09.17"]
[EventType "team-tourn"]
[EventRounds "11"]
[EventCountry "SRB"]
[SourceTitle "CBM 186 Extra"]
[Source "ChessBase"]
[SourceDate "2018.08.24"]
[SourceVersion "1"]
[SourceVersionDate "2018.08.24"]
[SourceQuality "1"]
[WhiteTeam "Rudovci Radnicki"]
[BlackTeam "Tadic"]
[WhiteTeamCountry "SRB"]
[BlackTeamCountry "SRB"]

1. Nf3 Nf6 2. g3 c5 3. Bg2 Nc6 4. 0-0 d6 5. c4 g6 6. b3 Bg7 7. Bb2 0-0 8. Nc3 e5 9. d3 h6 10. Ne1 Be6 11. Nc2 d5 12. cxd5 Nxd5 13. Nxd5 Bxd5 14. Bxd5 Qxd5 15. Ne3 Qe6 16. Qc2 Nd4 17. Bxd4 1/2-1/2